Paroles - Starmania - Le monde est stone - Statistiques

Statistiques générales
  • Ce quiz a été pris 404 fois
  • Le résultat moyen est 112 sur 131
Statistiques - réponses
Réponse % Correct
le
100%
mon
100%
monde
100%
stone
100%
de
99%
est
99%
la
98%
à
97%
qui
97%
je
96%
me
96%
J'ai
94%
j'ai
94%
pas
94%
et
93%
tête
93%
au
92%
ces
92%
laisser
92%
mourir
92%
sur
92%
dormir
91%
du
91%
ma
91%
moi
91%
ou
91%
cinéma
90%
éclate
90%
milieu
90%
soleil
90%
c'est
89%
l'envers
89%
nuit
89%
si
89%
tourne
89%
bien
88%
j'voudrais
88%
seulement
88%
Terre
88%
cherche
87%
m'étendre
87%
j'sais
86%
m'fait
84%
l'asphalte
83%
envie
70%
plus
70%
pour
69%
des
67%
comme
66%
tous
65%
venez
65%
automates
64%
battre
64%
secourir
64%
d'me
63%
m'abattre
63%
souffrir
63%
plutôt
60%
que
59%
m'empêcher
58%
débattre
55%
châteaux
54%
peut
52%
vent
52%
cartes
51%
empires
50%
bâtissent
49%
laissez-moi
49%
détruire
48%
d'courir
40%
Aucun quiz correspondant
Distribution des résultats
% des personnes avec chaque résultat
Percentile par nombre de réponses
Votre historique - résultats
Vous n’avez pas pris ce quiz